[Event "BL 2018-19"]
[Site "Berlin"]
[Date "2019.03.02"]
[Round "10.13"]
[White "Vrolijk, Liam"]
[Black "Pakleza, Zbigniew"]
[Result "1/2-1/2"]
[WhiteElo "2445"]
[BlackElo "2508"]
[Annotator "ChessBase"]
[PlyCount "81"]
[EventDate "2018.11.10"]
[EventType "team-tourn"]
[EventCountry "GER"]
[SourceTitle "playchess.com"]
[Source "ChessBase"]
[SourceQuality "1"]
[WhiteTeam "Muelheim"]
[BlackTeam "Kiel"]
[TimeControl "40/6000+30:3000+30"]

1. d4 {[%emt 0:00:00]} Nf6 {[%emt 0:00:00]} 2. c4 {[%emt 0:00:23]} c5 {[%emt 0:00:11]} 3. d5 {[%emt 0:00:34]} e6 {[%emt 0:00:22]} 4. Nc3 {[%emt 0:00:32]} exd5 5. cxd5 {[%emt 0:00:08]} d6 {[%emt 0:00:19]} 6. e4 {[%emt 0:01:34]} g6 {[%emt 0:00:07]} 7. Nge2 {[%emt 0:03:53]} Bg7 {[%emt 0:00:09]} 8. Ng3 {[%emt 0:00:16]} O-O {[%emt 0:06:34]} 9. Be2 {[%emt 0:01:28]} Re8 {[%emt 0:02:16]} 10. O-O {[%emt 0:01:17]} a6 {[%emt 0:02:44]} 11. a4 {[%emt 0:00:46]} Nbd7 {[%emt 0:03:16]} 12. f3 {[%emt 0:08:25]} b6 {[%emt 0:09:16]} 13. Be3 {[%emt 0:03:10]} h5 {[%emt 0:01:41]} 14. Qd2 {[%emt 0:11:49]} Nh7 {[%emt 0:20:44]} 15. Nh1 {[%emt 0:02:58]} f5 {[%emt 0:05:10]} 16. Nf2 {[%emt 0:01:55]} Ne5 {[%emt 0:02:47]} 17. Rae1 {[%emt 0:11:22]} Nf6 {[%emt 0:06:11]} 18. Bh6 {[%emt 0:08:55]} Nf7 {[%emt 0:13:44]} 19. Bxg7 {[%emt 0:02:52]} Kxg7 {[%emt 0:00:05]} 20. Bd3 {[%emt 0:04:56]} Ne5 {[%emt 0:02:03]} 21. Bb1 {[%emt 0:03:03]} fxe4 {[%emt 0:00:13]} 22. Nfxe4 {[%emt 0:01:02]} Nh7 {[%emt 0:02:23]} 23. Ne2 {[%emt 0:08:32]} Ra7 {[%emt 0:13:17]} 24. a5 {[%emt 0:10:55]} Bf5 {[%emt 0:06:25]} 25. b4 {[%emt 0:02:56]} Bxe4 {[%emt 0:01:00]} 26. Bxe4 {[%emt 0:00:18]} Nf8 {[%emt 0:04:28]} 27. axb6 {[%emt 0:05:24]} Qxb6 {[%emt 0:00:07]} 28. bxc5 {[%emt 0:00:21]} Qxc5+ {[%emt 0:00:19]} 29. Nd4 {[%emt 0:00:35]} Rb7 {[%emt 0:03:31]} 30. Rc1 {[%emt 0:01:47]} Qb4 {[%emt 0:00:37]} 31. Rc7+ {[%emt 0:02:25]} Nf7 {[%emt 0:00:40]} 32. Qxb4 {[%emt 0:04:16]} Rxb4 {[%emt 0:00:01]} 33. Nc6 {[%emt 0:00:31]} Rb6 {[%emt 0:00:50]} 34. Ra7 {[%emt 0:00:14]} Kf6 {[%emt 0:01:05]} 35. Bd3 {[%emt 0:02:06]} Ne5 {[%emt 0:00:50]} 36. Bxa6 {[%emt 0:01:06]} Rb2 {[%emt 0:01:13]} 37. Rc1 {[%emt 0:01:25]} g5 {[%emt 0:01:37]} 38. Rb7 {[%emt 0:02:50]} Rd2 {[%emt 0:00:26]} 39. Bb5 {[%emt 0:01:22]} Nfg6 {[%emt 0:01:04]} 40. Nxe5 {[%emt 0:00:46]} Rxe5 {[%emt 0:00:01]} 41. Bf1 {[%emt 0:50:23]} 1/2-1/2

[Event "BL 2018-19"]
[Site "Berlin"]
[Date "2019.03.02"]
[Round "10.14"]
[White "Kovalenko, Igor"]
[Black "Keymer, Vincent"]
[Result "1-0"]
[WhiteElo "2644"]
[BlackElo "2502"]
[Annotator "TA"]
[PlyCount "63"]
[EventDate "2018.11.10"]
[EventType "team-tourn"]
[EventCountry "GER"]
[SourceTitle "playchess.com"]
[Source "ChessBase"]
[SourceQuality "1"]
[WhiteTeam "Viernheim"]
[BlackTeam "SF Deizisau"]

{[%evp 23,63,-7,-10,-25,-23,-23,-16,-16,24,-40,-25,-19,0,0,0,0,19,0,0,0,210,210,210,210,545,540,520,496,878,868,890,880,881,871,849,848,774,756,29991,29992,29993,29994]} 1. c4 d5 2. d4 e6 3. Nc3 Nf6 4. Nf3 c5 5. cxd5 Nxd5 6. e3 cxd4 7. exd4 Nxc3 8. bxc3 Qc7 9. Bd2 Nd7 10. Bd3 b6 11. O-O Bd6 12. Re1 Bb7 13. c4 {B22: Sicilian: 2 c3} O-O {[#]} 14. Rb1 $146 ({Predecessor:} 14. h3 h6 15. Qe2 Rfe8 16. Bc3 Rac8 17. Rac1 Qb8 18. Nd2 Bf4 19. Rc2 e5 20. d5 e4 {½-½ (34) Zhigalko,S (2620)-Aleksandrov,A (2589) Minsk 2018}) 14... h6 15. Qc1 {The position is equal.} Nf6 16. d5 (16. Ne5 $11) 16... Ng4 {[%cal Rd6h2]} 17. h3 Ne5 18. Nxe5 Bxe5 19. Bxh6 exd5 20. Qg5 Rfe8 $1 21. Re3 ({Don't play} 21. cxd5 Kf8 $17) 21... dxc4 $2 (21... Kf8 $11 {and Black has nothing to worry.} 22. Rbe1 f6) 22. Rbe1 $1 $18 {[%cal Re3e5]} f6 {[#]} 23. Bxc4+ $1 $40 {[%mdl 640] White is out for blood.} Kh8 $2 (23... Kh7 {is tougher.} 24. Bd3+ Kh8) (23... Qxc4 24. Qxg7#) 24. Qg6 $1 {Bf7 is the strong threat.} Re7 {[#]} 25. Rg3 $1 {[%mdl 512] Black must now prevent Bd3!} gxh6 {[#]} ({Worse is} 25... Bxg3 {[#]} 26. Bxg7+ $1 {[%mdl 512]} Rxg7 27. Re8+ Rxe8 28. Qxe8+ Kh7 29. Qh5#) (25... Rd8 $142 26. Rxe5 fxe5 27. Rg4 (27. Bxg7+ Rxg7 28. Qh6+ Rh7 $16) 27... Bd5 28. Bxd5 Qc1+ 29. Bxc1 Rxd5 30. Bh6 Kg8 31. Bxg7 Rd1+ 32. Kh2 Rh1+ 33. Kxh1 Rf7 34. Bh6+ Kh8 35. Qg8#) 26. Rxe5 $1 {[%mdl 512]} fxe5 (26... Qxe5 27. Bf7) 27. Qxh6+ Rh7 28. Qf6+ Qg7 29. Rxg7 Rxg7 30. g4 e4 31. g5 b5 32. Be6 {Accuracy: White = 76%, Black = 24%.} 1-0

[Event "BL 2018-19"]
[Site "Berlin"]
[Date "2019.03.02"]
[Round "10.14"]
[White "Stopa, Jacek"]
[Black "Hausrath, Daniel"]
[Result "1/2-1/2"]
[WhiteElo "2431"]
[BlackElo "2493"]
[Annotator "TA"]
[PlyCount "65"]
[EventDate "2018.11.10"]
[EventType "team-tourn"]
[EventCountry "GER"]
[SourceTitle "playchess.com"]
[Source "ChessBase"]
[SourceQuality "1"]
[WhiteTeam "Kiel"]
[BlackTeam "Muelheim"]

{[%evp 11,65,30,61,13,33,12,15,12,13,11,14,7,27,25,35,30,39,18,21,10,0,2,18,25,35,31,31,0,12,1,6,4,13,0,0,0,0,0,0,0,0,0,0,0,0,0,0,0,11,0,0,0,3,0,0,0]} 1. d4 d6 2. e4 Nf6 3. Bd3 g6 4. Nf3 Bg7 5. O-O O-O 6. c3 Nc6 7. a4 {B07: Pirc Defence: Miscellaneous Systems} e5 8. dxe5 Nxe5 9. Nxe5 dxe5 10. a5 Be6 11. Qe2 $146 ({Predecessor:} 11. Be3 Qd7 12. f3 Rfd8 13. Be2 Bf8 14. Qxd7 Nxd7 {0-1 (64) Fedorov,A (2582)-Sanduleac,V (2399) Alba Iulia 2017}) 11... Nh5 12. g3 Qd7 13. Rd1 Rad8 {[#] Hoping for ...Bc4!} 14. Bc2 (14. Na3 {is interesting.} Qc6 15. Bg5 Nf6 16. f3 a6 17. Bc4) 14... Qc6 15. Be3 Rxd1+ 16. Qxd1 a6 17. Nd2 Rd8 18. Ba4 Qd6 19. Bb3 (19. Qe2 {feels hotter.} Nf6 20. Rd1 Qe7 21. b4 Ne8 22. Bc5) 19... Nf6 {The position is equal.} 20. Bxe6 Qxe6 21. f3 Bf8 22. Qe2 Ne8 23. Qc4 Qd7 24. Nf1 {[%cal Bd2f1,Bf1e3,Be3g4][%mdl 32]} Kg7 25. Kg2 Be7 26. Qb3 Qc6 27. Bf2 Rd3 28. Qc2 Rd7 29. Ne3 Qe6 30. Rd1 Rxd1 31. Qxd1 c6 32. Ng4 Nf6 33. Nxf6 {Accuracy: White = 62%, Black = 74%.} 1/2-1/2

[Event "BL 2018-19"]
[Site "Berlin"]
[Date "2019.03.02"]
[Round "10.15"]
[White "Zelbel, Patrick"]
[Black "Hoi, Carsten"]
[Result "1-0"]
[WhiteElo "2439"]
[BlackElo "2380"]
[Annotator "TA"]
[PlyCount "61"]
[EventDate "2018.11.10"]
[EventType "team-tourn"]
[EventCountry "GER"]
[SourceTitle "playchess.com"]
[Source "ChessBase"]
[SourceQuality "1"]
[WhiteTeam "Muelheim"]
[BlackTeam "Kiel"]

{[%evp 14,61,72,71,100,98,104,93,88,84,102,97,82,106,118,102,112,112,144,134,139,133,139,139,149,135,208,197,251,248,235,187,431,428,471,453,466,458,450,445,901,901,1064,1057,1019,1012,928,898,898,66]} 1. e4 g6 2. d4 Bg7 3. Nc3 d6 4. Be3 Nf6 5. f3 O-O 6. Qd2 e5 7. O-O-O Nc6 8. d5 Nd4 {B07: Pirc Defence: Miscellaneous Systems} 9. Nge2 c5 10. dxc6 $1 bxc6 {Black wants to play ...c5.White is better.} 11. Nxd4 exd4 12. Bxd4 Be6 13. Na4 $146 ({Predecessor:} 13. Be3 d5 14. Bh6 Bxh6 15. Qxh6 Qb6 16. e5 {1-0 (54) Patarcic,D (2157)-Trbojevic,M (2417) Bosnjaci 2015}) 13... c5 14. Bc3 Qe7 15. g4 (15. Qxd6 $2 Bh6+ 16. f4 (16. Kb1 $2 Rfd8 $19) 16... Qxd6 $17) 15... Rfd8 16. g5 Nh5 17. Bxg7 Nxg7 18. c4 Rab8 19. h4 Qc7 (19... Nh5 $16 {is a better defense.}) 20. Nc3 $18 a6 (20... Nh5 $142 21. Rg1 Qe7) 21. f4 Qb7 22. h5 Bg4 $2 {[#]} (22... Nxh5 23. Rh4 f5) 23. Be2 {White is clearly winning.} Bxe2 24. Qxe2 Nxh5 25. Rxh5 gxh5 26. Nd5 Kf8 (26... Kh8 $142 27. b3 f5 28. gxf6 Qf7) 27. b3 Qd7 28. Qxh5 Qe6 29. Qxh7 {[%cal Rh7h8] [#]} Qg6 30. Qh8+ Qg8 31. Qxg8+ $2 {Accuracy: White = 86%, Black = 42%.} ({Better is} 31. Qh3 $18 Qg7 32. Nf6) 1-0

[Event "BL 2018-19"]
[Site "Berlin"]
[Date "2019.03.02"]
[Round "10.16"]
[White "Beikert, Guenther"]
[Black "Heimann, Andreas"]
[Result "0-1"]
[WhiteElo "2403"]
[BlackElo "2601"]
[Annotator "TA"]
[PlyCount "70"]
[EventDate "2018.11.10"]
[EventType "team-tourn"]
[EventCountry "GER"]
[SourceTitle "playchess.com"]
[Source "ChessBase"]
[SourceQuality "1"]
[WhiteTeam "Viernheim"]
[BlackTeam "SF Deizisau"]

{[%evp 24,70,-12,-12,-9,-29,0,-29,-23,-98,-98,-226,-242,-235,-235,-235,-235,-220,-202,-205,-204,-220,-216,-239,-234,-235,-238,-243,-243,-252,-243,-240,-240,-239,-237,-294,-282,-354,-352,-333,-343,-357,-352,-317,-276,-440,-420,-549,-536]} 1. d4 Nf6 2. Nf3 d5 3. c4 e6 4. Nc3 Bb4 5. e3 O-O 6. Bd3 c5 7. O-O cxd4 8. exd4 dxc4 9. Bxc4 b6 10. Bg5 Bb7 11. Qd3 Nbd7 12. Rad1 Bxc3 13. bxc3 Qc7 {E55: Nimzo-Indian: Rubinstein: Main Line: 7...dxc4 8 Bxc4 Nbd7} 14. Bb3 Be4 (14... Ng4 15. d5 exd5 16. Bxd5 Nde5 17. Nxe5 Qxe5 18. Qg3 Qxg3 19. hxg3 Bxd5 20. Rxd5 h6 21. Bf4 {½-½ (30) Grachev,B (2583)-Grischuk,A (2710) playchess.com INT 2006}) 15. Qe3 Bd5 {Black has an edge.} 16. Ne5 $146 (16. Rc1 $11 {keeps the balance.}) ({Predecessor:} 16. Bf4 Qc6 17. Ne5 Nxe5 18. dxe5 Bxb3 19. exf6 Bxd1 20. Qg3 g6 21. Qg5 {0-1 (42) Gheorghiu,F-Ostojic,P Cleveland 1975}) 16... Bxb3 $17 17. Nxd7 (17. axb3 $17 {was worth a try.} Nd5 {[%mdl 64] Double Attack} 18. Qg3 Nxc3 19. Rde1 Nxe5 20. dxe5) 17... Nd5 $19 {[%mdl 64] [#] Double Attack} (17... Qxd7 18. axb3 Nd5 19. Qd3 $14) 18. Qh3 Bxd1 ({Inferior is} 18... Qxd7 19. axb3 b5 20. c4 $11) 19. Nxf8 Rxf8 20. Rxd1 Qxc3 21. Qxc3 Nxc3 {[%mdl 4096] Endgame KRB-KRN} 22. Rd3 Rc8 ({Don't play} 22... Nxa2 23. Ra3 $17) 23. Bd2 Nd5 ({Don't do} 23... Nxa2 24. Ra3) 24. Kf1 Rc2 25. a3 f6 26. Ke1 Kf7 27. Kd1 Rc4 28. Ke2 g5 29. Kf3 h5 30. Ke4 Rc2 31. h3 Ke7 32. g4 hxg4 33. hxg4 Kd6 34. Kf3 (34. f4 {was called for.} gxf4 35. Bxf4+ Nxf4 36. Kxf4) 34... Kc6 35. Ke4 Kb5 {Accuracy: White = 26%, Black = 90%.} 0-1

[Event "BL 2018-19"]
[Site "Berlin"]
[Date "2019.03.02"]
[Round "10.16"]
[White "Olsen, Filip Boe"]
[Black "Buckels, Valentin"]
[Result "1/2-1/2"]
[WhiteElo "2335"]
[BlackElo "2427"]
[Annotator "TA"]
[PlyCount "73"]
[EventDate "2018.11.10"]
[EventType "team-tourn"]
[EventCountry "GER"]
[SourceTitle "playchess.com"]
[Source "ChessBase"]
[SourceQuality "1"]
[WhiteTeam "Kiel"]
[BlackTeam "Muelheim"]

{[%evp 11,73,6,14,5,7,12,9,11,12,0,24,-10,20,-2,13,0,8,8,40,-75,-63,-116,-116,-99,-52,-87,-83,-88,-91,-72,-85,-81,-82,-87,-98,-96,-81,-188,-8,-7,-5,-7,0,0,0,0,14,8,62,52,68,0,0,0,0,0,0,0,0,0,0,0,0,0]} 1. d4 Nf6 2. c4 e6 3. Nc3 Bb4 4. Qc2 O-O 5. Nf3 d6 6. Bd2 Nbd7 7. a3 {E32: Nimzo-Indian: Classical (4 Qc2): 4...0-0} (7. g3 b6 8. Bg2 Bb7 9. O-O a5 10. Rfd1 Bxc3 11. Bxc3 Be4 12. Qc1 h6 13. Qf4 Re8 14. g4 Qe7 15. h4 e5 16. Qg3 Rad8 17. e3 Bc2 {1-0 (50) Indjic,A (2620)-Peralta,F (2584) Sitges 2018}) 7... Bxc3 $1 8. Bxc3 b6 9. e4 c5 10. Be2 $146 ({Predecessor:} 10. e5 cxd4 11. Bxd4 dxe5 12. Nxe5 Bb7 13. O-O-O Qc7 14. Nxd7 Nxd7 15. f3 Rfd8 16. Be2 Nc5 17. Rd2 Bc6 18. Bxc5 bxc5 19. Rhd1 h6 {½-½ (19) Cernousek,L (2487)-Jaracz,P (2476) Pardubice 2016}) 10... Bb7 11. Nd2 Rc8 12. O-O b5 13. dxc5 Nxc5 14. f3 d5 {[#] Threatens to win with ...d4.} 15. cxd5 ({And not} 15. cxb5 d4 $17) (15. Bxf6 $14 {keeps the upper hand.} Qxf6 16. b4) 15... exd5 $17 16. e5 ({Avoid the trap} 16. Bxb5 $2 Qb6 $19) (16. Rad1 $15) 16... d4 17. exf6 Qxf6 18. Kh1 {Black must now prevent Bb4.} dxc3 19. Qxc3 Qxc3 20. bxc3 Rfd8 21. Rad1 a6 22. c4 {[#]} Na4 $1 {[%cal Ra4c3] Hoping for ...Nc3.} 23. Nb3 Re8 ({But not} 23... bxc4 $6 24. Rxd8+ Rxd8 25. Bxc4 $11) 24. Na5 (24. Rde1 $17 {was called for.}) 24... Ba8 $2 (24... Rxe2 $19 25. Nxb7 Nb2 {[%mdl 64] Double Attack}) 25. Rd2 $11 Nc3 26. Bd3 Rcd8 27. h3 bxc4 28. Nxc4 Bd5 29. Rc1 Nb5 (29... Bxc4 $11 30. Rxc3 Bxd3 31. Rdxd3 Rxd3 32. Rxd3 Kf8) 30. Nb6 $14 {aiming for Bxb5.} Be6 31. Bxb5 ({White should play} 31. a4 $14 Na7 32. Rc7) 31... axb5 $11 {The position is equal.} 32. Rxd8 Rxd8 $14 {KRB-KRN} 33. Rb1 Rd3 34. a4 bxa4 35. Nxa4 {White wants to mate with Rb8+.} g6 36. Nc5 Rd6 37. Nxe6 {Accuracy: White = 40%, Black = 48%.} 1/2-1/2

[Event "BL 2018-19"]
[Site "Berlin"]
[Date "2019.03.02"]
[Round "10.17"]
[White "Demchenko, Anton"]
[Black "Volokitin, Andrei"]
[Result "1/2-1/2"]
[WhiteElo "2679"]
[BlackElo "2630"]
[Annotator "TA"]
[PlyCount "37"]
[EventDate "2018.11.10"]
[EventType "team-tourn"]
[EventCountry "GER"]
[SourceTitle "playchess.com"]
[Source "ChessBase"]
[SourceQuality "1"]
[WhiteTeam "Duesseldorf"]
[BlackTeam "SV Hofheim"]

{[%evp 9,37,2,12,17,12,15,16,19,23,0,12,0,0,0,0,0,0,-9,0,0,-4,-8,-8,-6,4,0,0,0,0,-11]} 1. e4 c5 2. Nf3 d6 3. d4 cxd4 4. Qxd4 Nc6 5. Qe3 g6 6. Be2 {B53: Sicilian: 2...d6: Lines with Qxd4} Nf6 7. O-O Bg7 8. Rd1 O-O 9. h3 Be6 {The position is equal.} 10. Nc3 Rc8 11. Rb1 Qc7 12. a3 a6 13. Nd5 $146 Bxd5 14. exd5 Na5 15. c3 b5 16. Qd3 Qc4 17. Bg5 Qxd3 18. Bxd3 Nc4 19. Bxf6 {Accuracy: White = 61%, Black = 83%.} 1/2-1/2

[Event "BL 2018-19"]
[Site "Berlin"]
[Date "2019.03.02"]
[Round "10.17"]
[White "Piorun, Kacper"]
[Black "Mons, Leon"]
[Result "1/2-1/2"]
[WhiteElo "2634"]
[BlackElo "2554"]
[Annotator "TA"]
[PlyCount "104"]
[EventDate "2018.11.10"]
[EventType "team-tourn"]
[EventCountry "GER"]
[SourceTitle "playchess.com"]
[Source "ChessBase"]
[SourceQuality "1"]
[WhiteTeam "SF Berlin"]
[BlackTeam "Zugzwang Muenchen"]

{[%evp 20,104,29,31,24,36,37,24,53,35,27,14,15,-20,-4,-15,-14,-24,-17,-20,-14,-32,-18,-63,-46,-126,-132,-114,-103,-104,-116,-103,-112,-105,-106,-127,-127,-131,0,0,-5,-12,0,0,0,0,0,-41,-38,-42,-37,-41,-41,-162,-162,-162,-162,-162,-162,-227,-227,-211,-145,-120,-75,-75,-75,-75,-13,-78,-78,-78,-13,-13,-13,-13,-13,-13,-13,-13,-12,-12,-12,-12,-12,-12,-8]} 1. e4 {Mekhitarian,K} e5 2. Nf3 Nc6 3. Bc4 Bc5 4. c3 Nf6 5. d3 d6 6. a4 a5 7. O-O O-O 8. Bg5 {C54: Giuoco Piano: 4 c3 Nf6, main lines with 5 d4 and 5 d3} h6 9. Bh4 g5 10. Bg3 Ba7 11. Na3 {LiveBook: 4 Games} Ne7 12. Re1 Ng6 13. d4 {[%cal Rd4e5] [#]} Qe7 $146 ({Predecessor:} 13... exd4 14. Nxd4 {1-0 (57) Navara,D (2737)-Bok,B (2622) Batumi 2018 CBM 184 [Mekhitarian,K]}) 14. Nc2 c6 15. Bd3 h5 16. h3 h4 17. Bh2 g4 18. hxg4 Nxg4 19. Ne3 Nxe3 20. Rxe3 Kg7 21. Qd2 h3 $1 22. Bf1 (22. Ne1 $15) 22... hxg2 $17 23. Bxg2 Rh8 24. Bg3 Bg4 25. Rd3 Rh5 26. Nh2 Be6 27. f4 exf4 ({Reject} 27... Nxf4 $6 28. Bxf4 exf4 29. Qxf4 $11) 28. Bxf4 Rah8 (28... Kh7 $1 $17 29. Nf1 Nxf4 30. Qxf4 Rg8) 29. Rg3 $1 $11 Rxh2 {[#]} 30. Rxg6+ $1 {[%mdl 512]} fxg6 31. Bxh2 c5 {...cxd4 is the strong threat.} 32. Bg3 Bh3 {And now ...cxd4 would win.} 33. Rd1 cxd4 34. cxd4 Bxg2 35. Qxg2 Re8 36. Qf3 (36. Kh2 $15) 36... Qxe4 $19 37. Qxe4 Rxe4 38. Bxd6 {[%mdl 4096] Endgame [#] KRB-KRB} Kf6 $1 39. Bc5 (39. Kg2 {might work better.}) 39... Bxc5 40. dxc5 Rxa4 {KR-KR} 41. Rd6+ Kf5 42. c6 bxc6 43. Rxc6 Ra2 ({Better is} 43... g5 $17 {next ...Kg4 is good for Black.} 44. Kg2 Kg4) 44. Rc5+ (44. b3 $1 $11) 44... Kf4 $17 45. Rc4+ {[#]} Kf3 (45... Ke3 $1 $17 46. Rc5 a4 47. Re5+ Kf4) 46. b4 $1 $11 {The position is equal.} a4 {[%cal Ba5a4,Ba4a3][%mdl 32]} 47. b5 a3 48. Rc3+ Ke4 49. b6 Ra1+ 50. Kg2 a2 {( -> ...Rg1+!)} 51. Ra3 Rb1 52. Rxa2 Ke5 {Precision: White = 49%, Black = 70%.} 1/2-1/2

[Event "BL 2018-19"]
[Site "Berlin"]
[Date "2019.03.02"]
[Round "10.18"]
[White "Schroeder, Jan-Christian"]
[Black "Alekseev, Evgeny"]
[Result "0-1"]
[WhiteElo "2571"]
[BlackElo "2620"]
[Annotator "TA"]
[PlyCount "124"]
[EventDate "2018.11.10"]
[EventType "team-tourn"]
[EventCountry "GER"]
[SourceTitle "playchess.com"]
[Source "ChessBase"]
[SourceQuality "1"]
[WhiteTeam "SV Hofheim"]
[BlackTeam "Duesseldorf"]

{[%evp 11,124,16,16,22,23,16,31,15,14,8,20,6,10,0,13,-9,39,0,17,22,20,18,68,25,28,27,19,32,25,20,32,35,34,25,33,16,14,16,16,16,23,22,18,-12,-12,-17,0,0,0,0,0,0,0,-54,-50,-54,-50,-60,-44,-75,-75,-75,-75,-75,-67,-68,-44,-120,-96,-231,-231,-163,-162,-231,-231,-231,-231,-297,-297,-685,-553,-767,-772,-761,-756,-846,-721,-572,-572,-545,-754,-807,-852,-860,-843,-888,-884,-927,-930,-675,0,-930,-908,-936,-889,-940,-916,-896,-899,-862,-871,-799,-715,-561,-539]} 1. e4 e5 2. Nf3 Nc6 3. Bc4 Bc5 4. O-O Nf6 5. d3 d6 6. c3 a6 7. a4 {C54: Giuoco Piano: 4 c3 Nf6, main lines with 5 d4 and 5 d3} Ba7 (7... O-O 8. Bg5 h6 9. Bh4 g5 10. Bg3 Ba7 11. Nbd2 Nh7 12. h3 h5 13. d4 h4 14. Bh2 g4 15. hxg4 Bxg4 16. dxe5 dxe5 {1-0 (45) Duda,J (2738)-Kramnik,V (2777) Wijk aan Zee 2019}) 8. Re1 h6 9. a5 {White is slightly better.} O-O 10. h3 Ne7 11. d4 Ng6 12. Bd3 $146 ({Predecessor:} 12. Nbd2 Re8 13. Qb3 Qd7 14. Qc2 Qd8 15. dxe5 Nxe5 16. Nxe5 dxe5 {½-½ (28) Chazalette,J (2345)-Pinchon,F (2320) ICCF email 2017}) 12... Re8 13. Nbd2 Nh7 14. Nc4 Ng5 15. Nxg5 hxg5 16. Be3 Be6 17. Bf1 (17. d5 {looks sharper.} Bd7 18. Bxa7 Rxa7 19. Be2 Ra8 20. Ne3) 17... exd4 18. Bxd4 Bxd4 19. cxd4 d5 20. exd5 Qxd5 21. Ne3 Qd6 22. d5 Bd7 23. Qh5 Re5 {[#] Strongly threatening ...g4.} 24. Nc4 Rxe1 25. Rxe1 Qf6 26. d6 Rc8 27. Bd3 {[#] dxc7 is the strong threat.} cxd6 28. Qd1 {next Nb6 is good for White.} Rd8 29. Bxg6 Qxg6 30. Qxd6 Qxd6 31. Nxd6 $11 {[%mdl 4096] Endgame KRB-KRN} Bc6 32. Nc4 (32. Rd1 $1 $11) 32... f6 33. f3 Rd3 34. Rc1 Rb3 35. Rc3 Rxc3 36. bxc3 $17 {KB-KN} Kf7 37. Kf2 Ke6 38. Ne3 f5 39. Ke2 (39. g3 $15) 39... f4 40. Nc2 (40. Ng4 $17) 40... Bb5+ $19 41. Kf2 Kd5 42. Na3 (42. Ke1 {was called for.}) 42... Kc5 43. g3 b6 44. gxf4 gxf4 45. axb6 $2 (45. Nc2) 45... Kxb6 46. h4 Kc5 47. Ke1 Bd3 48. Kd2 Bg6 49. Ke2 a5 {[%cal Ba6a5,Ba5a4][%mdl 32]} 50. Kd2 a4 51. Ke2 Bh5 52. Kf2 Be8 53. Ke1 Bc6 54. Ke2 Kd5 55. Kd3 Kc5 56. Ke2 Ba8 {Black is clearly winning.} 57. Kf2 Bb7 58. Ke2 Bc6 59. Kf2 Kd5 60. Ke2 Ke6 61. Nc2 Kf6 62. Nb4 a3 {Accuracy: White = 43%, Black = 68%.} 0-1

[Event "BL 2018-19"]
[Site "Berlin"]
[Date "2019.03.02"]
[Round "10.18"]
[White "Kindermann, Stefan"]
[Black "Vocaturo, Daniele"]
[Result "1/2-1/2"]
[WhiteElo "2500"]
[BlackElo "2630"]
[Annotator "TA"]
[PlyCount "56"]
[EventDate "2018.11.10"]
[EventType "team-tourn"]
[EventCountry "GER"]
[SourceTitle "playchess.com"]
[Source "ChessBase"]
[SourceQuality "1"]
[WhiteTeam "Zugzwang Muenchen"]
[BlackTeam "SF Berlin"]

{[%evp 12,56,0,0,0,-5,0,0,0,0,0,0,0,-4,-4,-31,-19,-28,-37,-111,-108,-135,-92,-131,-95,-120,-95,-141,-156,-152,-114,-179,-64,-62,-62,-74,-84,-83,-79,-69,-69,-62,0,0,5,0,23]} 1. e4 c5 2. d3 Nc6 3. f4 d5 4. Be2 e6 5. Nf3 Bd6 (5... Nf6 6. e5 Nd7 7. c3 b5 8. O-O Be7 9. Be3 Rb8 10. Nbd2 a5 11. d4 b4 12. c4 cxd4 13. Nxd4 Nxd4 14. Bxd4 {0-1 (47) Kovalev,V (2639)-Ganguly,S (2650) Riadh 2017}) 6. O-O {B21: Sicilian: 2 f4 and Morra Gambit} Nge7 7. c3 {LiveBook: 11 Games} (7. c4 O-O 8. cxd5 exd5 9. Nc3 d4 10. Nb5 Bb8 11. f5 f6 12. Qe1 a6 13. Na3 {0-1 (38) Kindermann,S (2506)-Vocaturo,D (2608) Ortisei 2018}) 7... Bc7 8. e5 O-O 9. Na3 f6 10. exf6 Rxf6 11. g3 h6 $146 ({Predecessor:} 11... a6 12. Nc2 h6 13. b4 cxb4 14. cxb4 {0-1 (32) Du Pont,D (2074)-Dgebuadze,A (2515) Brasschaat 2017}) 12. Nc2 d4 13. Nd2 Rf8 14. Ne4 b6 15. cxd4 ({White should play} 15. Bh5 $15) 15... Nxd4 $17 16. Bg4 Ba6 {Hoping for ...Nxc2.} 17. Na3 Nef5 18. Nc4 Qd5 19. Re1 Rad8 ({But not} 19... Bxc4 20. Nc3 $15) 20. b3 Bb7 21. Bb2 (21. a4 $17 {might work better.}) 21... Nc6 (21... b5 $19 22. Ncd2 Bb6) 22. Bf3 $15 {[#] Threatens to win with Nf6+!} Qxd3 23. Qxd3 Rxd3 24. Bg2 Rdd8 25. Nf2 Rfe8 26. Rad1 Nfd4 (26... Rxd1 $15 27. Rxd1 Rd8) 27. Bxd4 $1 $11 cxd4 28. Rc1 Re7 {Precision: White = 50%, Black = 53%.} 1/2-1/2